背番号1桁の現役選手(2026) - Statistics

General Stats
  • This quiz has been taken 38 times
  • The average score is 78 of 100
Answer Stats
球団 番号 ポジション 選手名 % Correct
阪神 8 内野手 佐藤輝明
100%
巨人 6 内野手 坂本勇人
100%
阪神 0 内野手 木浪聖也
97%
阪神 1 外野手 森下翔太
97%
阪神 2 捕手 梅野隆太郎
97%
阪神 3 内野手 大山悠輔
97%
DeNA 2 内野手 牧秀悟
97%
DeNA 6 内野手 森敬斗
97%
ヤクルト 1 内野手 山田哲人
97%
オリックス 4 捕手 森友哉
97%
阪神 5 外野手 近本光司
94%
巨人 8 外野手 丸佳浩
94%
日本ハム 1 監督 新庄剛志
94%
阪神 7 内野手 中野拓夢
91%
巨人 2 内野手 吉川尚輝
91%
中日 2 内野手 田中幹也
91%
中日 3 内野手 高橋周平
91%
ヤクルト 2 捕手 古賀優大
91%
ヤクルト 9 外野手 塩見泰隆
91%
ソフトバンク 9 外野手 柳田悠岐
91%
楽天 3 内野手 浅村栄斗
91%
DeNA 7 外野手 佐野恵太
88%
中日 1 外野手 岡林勇希
88%
ソフトバンク 5 内野手 山川穂高
88%
ソフトバンク 7 内野手 中村晃
88%
日本ハム 2 捕手 マルティネス
88%
オリックス 1 内野手 太田椋
88%
オリックス 6 内野手 宗佑磨
88%
楽天 2 捕手 太田光
88%
楽天 8 外野手 辰己涼介
88%
西武 6 内野手 源田壮亮
88%
ロッテ 8 内野手 中村奨吾
88%
阪神 4 内野手 熊谷敬宥
85%
DeNA 5 捕手 松尾汐恩
85%
中日 5 内野手 村松開人
85%
中日 8 外野手 大島洋平
85%
ソフトバンク 6 内野手 今宮健太
85%
日本ハム 5 内野手 野村佑希
85%
オリックス 2 捕手 若月健矢
85%
楽天 0 内野手 小深田大翔
85%
楽天 1 内野手 宗山塁
85%
DeNA 4 外野手 度会隆輝
82%
巨人 5 内野手 門脇誠
82%
広島 5 内野手 小園海斗
82%
ソフトバンク 3 外野手 近藤健介
82%
日本ハム 7 外野手 西川遥輝
82%
オリックス 7 外野手 西川龍馬
82%
楽天 6 内野手 村林一輝
82%
西武 4 内野手 石井一成
82%
ロッテ 1 外野手 藤原恭大
82%
ロッテ 6 外野手 西川史礁
82%
巨人 9 外野手 松本剛
79%
中日 9 捕手 石伊雄太
79%
広島 9 外野手 秋山翔吾
79%
ヤクルト 0 外野手 並木秀尊
79%
ヤクルト 7 内野手 長岡秀樹
79%
ヤクルト 8 内野手 茂木栄五郎
79%
ソフトバンク 8 内野手 牧原大成
79%
日本ハム 3 捕手 郡司裕也
79%
西武 5 内野手 外崎修汰
79%
西武 7 外野手 桑原将志
79%
ロッテ 2 捕手 松川虎生
79%
ロッテ 5 内野手 安田尚憲
79%
巨人 0 内野手 増田大輝
76%
広島 4 内野手 矢野雅哉
76%
ソフトバンク 0 内野手 川瀬晃
76%
ソフトバンク 2 投手 スチュワート・ジュニア
76%
オリックス 5 内野手 西野真弘
76%
楽天 7 内野手 鈴木大地
76%
阪神 9 内野手 立石正広
73%
DeNA 8 外野手 神里和毅
73%
日本ハム 4 内野手 上川畑大悟
73%
オリックス 0 外野手 渡部遼人
73%
西武 8 外野手 渡部聖弥
73%
ロッテ 3 外野手 角中勝也
73%
DeNA 9 内野手 京田陽太
70%
中日 7 内野手 福永裕基
70%
楽天 9 内野手 ボイト
70%
西武 1 外野手 栗山巧
70%
中日 4 内野手 カリステ
67%
広島 7 内野手 堂林翔太
67%
ヤクルト 4 外野手 丸山和郁
61%
ヤクルト 6 内野手 松下歩叶
61%
日本ハム 9 内野手 中島卓也
61%
ロッテ 4 内野手 友杉篤輝
61%
ロッテ 7 内野手 藤岡裕大
61%
ヤクルト 3 内野手 内山壮真
58%
ソフトバンク 4 内野手 ダウンズ
58%
日本ハム 8 外野手 淺間大基
58%
オリックス 9 内野手 野口智哉
58%
DeNA 0 投手 デュプランティエ
55%
DeNA 3 内野手 小田康一郎
55%
オリックス 8 外野手 麦谷祐介
55%
ロッテ 0 外野手 髙部瑛斗
55%
日本ハム 6 内野手 カストロ
52%
中日 0 内野手 辻本倫太郎
48%
西武 0 内野手 児玉亮涼
45%
広島 0 内野手 勝田成
42%
西武 2 内野手 齋藤大翔
39%
西武 9 外野手 蛭間拓哉
39%
No matching quizzes found
Score Distribution
Percent of People with Each Score
Percentile by Number Answered
Your Score History
You have not taken this quiz